La gratitud y la lógica del obsequio : (acerca de lo dado como donación) /
Guardado en:
| Autor Principal: | |
|---|---|
| Formato: | Libro |
| Idioma: | Spanish |
| Publicado: |
Buenos Aires :
Dunken,
2024.
|
| Materias: | |
| Etiquetas: |
Agregar Etiqueta
Sin Etiquetas, Sea el primero en etiquetar este registro!
|
| LEADER | 00627nam a22001815a 4500 | ||
|---|---|---|---|
| 001 | EUN.eunm009524 | ||
| 008 | 250306s2024####ag#######b####000#0#spa#d | ||
| 005 | 20250715083914.0 | ||
| 245 | 1 | 3 | |a La gratitud y la lógica del obsequio : |b (acerca de lo dado como donación) / |c Jorge Mingarro. |
| 260 | |a Buenos Aires : |b Dunken, |c 2024. | ||
| 300 | |a 328 p. ; |c 23 cm. | ||
| 504 | |a Incluye notas a pie de página. | ||
| 020 | |a 9789878533230 | ||
| 100 | 1 | |a Mingarro, Jorge, |d 1949-, |e autor. |4 aut | |
| 082 | 0 | 4 | |a 179 |2 21 |
| 650 | 7 | |a Filosofía. |2 unbist | |
| 650 | 7 | |a Ontología. |2 unbist | |
| 859 | |a AR-BaUNS |b BIB. CENTRAL - Sector A |h 179 |i M663 |p 129008/025 | ||
